|
|
|
|
| LEADER |
00000nab a2200000 4500 |
| 001 |
vtls011918492 |
| 003 |
SK-MaSNL |
| 005 |
20260303095150.0 |
| 008 |
200218|2019 xo ||||||| ||00 ||slo| |
| 038 |
|
|
|a PPPK
|
| 040 |
|
|
|a PPPKCL
|b slo
|e rda
|
| 041 |
|
|
|a slo
|
| 043 |
|
|
|a e-xo---
|
| 044 |
|
|
|a xo
|c SK
|
| 072 |
|
7 |
|a 796
|x Šport. Hry. Telesné cvičenia
|2 konspekt
|
| 080 |
|
|
|a 796/799
|2 2011
|
| 080 |
|
|
|a 796.323.2
|2 2011
|
| 080 |
|
|
|a 796.093
|2 2011
|
| 100 |
0 |
|
|a VP
|4 aut
|9 881637
|
| 245 |
1 |
0 |
|a Rekordná účasť na Tatrafest Streetballe
|c [autor] VP
|
| 300 |
|
|
|b Fotografie
|
| 336 |
|
|
|a text
|b txt
|2 rdacontent
|
| 337 |
|
|
|a bez média
|b n
|2 rdamedia
|
| 338 |
|
|
|a zväzok
|b nc
|2 rdacarrier
|
| 610 |
2 |
7 |
|a Iskra Aréna (Svit, Slovensko)
|2 SNK
|9 1108273
|
| 611 |
2 |
7 |
|a Tatrafest Streetball 2019
|d (2019 :
|c Svit, Slovensko)
|2 SNK
|9 1108304
|
| 650 |
0 |
7 |
|a šport
|2 SNKPH
|9 1042
|
| 650 |
0 |
7 |
|a basketbal
|2 SNKPH
|9 3290
|
| 650 |
0 |
7 |
|a športové súťaže
|2 SNKPH
|9 1047
|
| 651 |
|
7 |
|a Svit (Slovensko)
|2 SNKPHgeo
|9 29648
|
| 651 |
|
7 |
|a Poprad (Slovensko : okres)
|2 SNKPHgeo
|9 28675
|
| 655 |
|
7 |
|a správy
|2 SNKPH
|9 70563
|
| 773 |
0 |
|
|t Svit: informačný spravodaj občanov mesta
|g Roč. XVIII., č. 9 (2019), s. 20
|
| 852 |
|
|
|a PPPK
|b KIS3GCP
|
| 999 |
|
|
|c 1824021
|d 1825951
|